[Event "32. Copenhagen Open (Politiken Cup)"]
[Site "Elsinore"]
[Date "2010.07.31"]
[Round "1"]
[White "Gundersen, Ingvar"]
[Black "Hansen, Mads"]
[Result "0-1"]
[WhiteElo "1779"]
[BlackElo "2165"]
[PlyCount "60"]
[EventDate "2010.07.31"]
[EventType "swiss"]
[EventRounds "10"]
[EventCountry "DEN"]
[Source "ChessBase"]
[SourceDate "2010.09.01"]

1. e4 c5 2. Nc3 a6 3. a4 Nc6 4. Nf3 e6 5. Bc4 Nf6 6. O-O Qc7 7. d3 Be7 8. Ne2
d5 9. exd5 Nxd5 10. c3 O-O 11. Re1 Rd8 12. Qc2 b6 13. Ba2 Bb7 14. Bb1 g6 15.
Ng5 b5 16. Ne4 c4 17. d4 e5 18. axb5 axb5 19. Rxa8 Bxa8 20. dxe5 Nxe5 21. Qd2
f5 22. N4g3 Nf6 23. Nd4 Qb7 24. f3 Nc6 25. Qe2 Bc5 26. Qe6+ Qf7 27. Ngxf5 Qxe6
28. Nh6+ Kg7 29. Rxe6 Nxd4 30. cxd4 Rxd4 0-1

[Event "32. Copenhagen Open (Politiken Cup)"]
[Site "Elsinore"]
[Date "2010.07.31"]
[Round "1"]
[White "Hansen, Erik Friberg"]
[Black "Jorgensen, Carina Eilegaard"]
[Result "0-1"]
[WhiteElo "1558"]
[BlackElo "2038"]
[PlyCount "82"]
[EventDate "2010.07.31"]
[EventType "swiss"]
[EventRounds "10"]
[EventCountry "DEN"]
[Source "ChessBase"]
[SourceDate "2010.09.01"]

1. d4 Nf6 2. Nf3 e6 3. e3 b6 4. Nbd2 Bb7 5. b3 Be7 6. Be2 O-O 7. O-O c5 8. c4
Nc6 9. Bb2 Rc8 10. a3 Re8 11. Re1 d5 12. cxd5 exd5 13. Bb5 a6 14. Bxc6 Bxc6 15.
Rc1 Bd6 16. Ne5 Bb7 17. f4 Qe7 18. Bc3 Nd7 19. Qe2 cxd4 20. Bxd4 Nxe5 21. fxe5
Bxe5 22. Bxe5 Rxc1 23. Rxc1 Qxe5 24. Re1 Qc3 25. Qf2 f6 26. h3 b5 27. Kh2 Qe5+
28. Kg1 d4 29. Nf3 dxe3 30. Qe2 Bxf3 31. Qxf3 Qe4 32. Qxe4 Rxe4 33. Re2 f5 34.
g3 g5 35. Kg2 f4 36. Kf3 Rd4 37. gxf4 gxf4 38. h4 Kg7 39. Rc2 Kg6 40. Rc6+ Kf5
41. Rxa6 Rd2 0-1

[Event "32. Copenhagen Open (Politiken Cup)"]
[Site "Elsinore"]
[Date "2010.07.31"]
[Round "1"]
[White "Hansen, Verner"]
[Black "Hillarp Persson, Tiger"]
[Result "0-1"]
[WhiteElo "1927"]
[BlackElo "2538"]
[PlyCount "52"]
[EventDate "2010.07.31"]
[EventType "swiss"]
[EventRounds "10"]
[EventCountry "DEN"]
[Source "ChessBase"]
[SourceDate "2010.09.01"]

1. e4 g6 2. d4 Bg7 3. Nf3 d6 4. Bc4 Nf6 5. e5 dxe5 6. Nxe5 O-O 7. O-O Nfd7 8.
Bf4 c5 9. c3 cxd4 10. cxd4 Nc6 11. Nxc6 bxc6 12. Be3 Nb6 13. Na3 Nd5 14. Rc1
Be6 15. Bb3 Nxe3 16. fxe3 Bd5 17. Nc4 a5 18. Ba4 e6 19. b3 Rc8 20. Qd2 c5 21.
Nxa5 Qg5 22. Rf4 cxd4 23. Rxc8 Rxc8 24. e4 Be5 25. exd5 Bxf4 26. Qd3 Be3+ 0-1

[Event "32. Copenhagen Open (Politiken Cup)"]
[Site "Elsinore"]
[Date "2010.07.31"]
[Round "1"]
[White "Hatzipanteli, Theodora"]
[Black "Hyldkrog, Lars"]
[Result "0-1"]
[WhiteElo "1572"]
[BlackElo "2044"]
[PlyCount "50"]
[EventDate "2010.07.31"]
[EventType "swiss"]
[EventRounds "10"]
[EventCountry "DEN"]
[Source "ChessBase"]
[SourceDate "2010.09.01"]

1. e4 e6 2. d4 d5 3. Nd2 Nf6 4. e5 Nfd7 5. f4 c5 6. c3 Nc6 7. Ndf3 Qb6 8. g3
cxd4 9. cxd4 Bb4+ 10. Kf2 O-O 11. Kg2 f6 12. Bd3 Kh8 13. Bc2 Be7 14. a3 a5 15.
h4 fxe5 16. fxe5 Ndb8 17. Qd3 g6 18. h5 Qa6 19. Qd2 g5 20. Nxg5 Qf1+ 21. Kh2
Rf2+ 22. Qxf2 Qxf2+ 23. Kh3 Qxc2 24. N5f3 Qe4 25. Rh2 Nxd4 0-1

[Event "32. Copenhagen Open (Politiken Cup)"]
[Site "Elsinore"]
[Date "2010.07.31"]
[Round "1"]
[White "Haubro, Sigfred"]
[Black "Jensen, Steen Dahlgaard"]
[Result "1-0"]
[WhiteElo "2166"]
[BlackElo "1789"]
[PlyCount "113"]
[EventDate "2010.07.31"]
[EventType "swiss"]
[EventRounds "10"]
[EventCountry "DEN"]
[Source "ChessBase"]
[SourceDate "2010.09.01"]

1. Nf3 Nf6 2. g3 d5 3. d4 b6 4. Bg2 Bb7 5. O-O Nbd7 6. Bg5 e6 7. Nbd2 Be7 8. c4
c5 9. Rc1 O-O 10. cxd5 Bxd5 11. Re1 cxd4 12. Nxd4 Bxg2 13. Kxg2 Ne5 14. N2f3
Bc5 15. Nb3 Nxf3 16. exf3 Be7 17. Qe2 Qd5 18. Be3 Rfd8 19. Red1 Qb7 20. Qb5 Rd5
21. Rxd5 Nxd5 22. Bd4 a6 23. Qc6 Qxc6 24. Rxc6 Bd8 25. a3 Kf8 26. Nd2 Bf6 27.
Bxb6 Bxb2 28. Bc5+ Ke8 29. Nc4 Bf6 30. Nb6 Nxb6 31. Rxb6 Be7 32. Bxe7 Kxe7 33.
Rb7+ Kf6 34. a4 a5 35. f4 h5 36. Rb5 g6 37. h3 Ra7 38. Kf3 Ra6 39. g4 hxg4+ 40.
hxg4 Kg7 41. g5 Ra7 42. Ke4 Kf8 43. Ke5 Kg7 44. Rc5 Ra8 45. f3 Ra6 46. Kd4 Rd6+
47. Kc4 Rd1 48. Kb5 Rd4 49. Kxa5 Rxf4 50. Kb5 Rxf3 51. a5 Kf8 52. a6 Ke7 53.
Kb6 Rb3+ 54. Rb5 Rg3 55. a7 f5 56. Ra5 Rb3+ 57. Ka6 1-0

[Event "32. Copenhagen Open (Politiken Cup)"]
[Site "Elsinore"]
[Date "2010.07.31"]
[Round "1"]
[White "Hector, Jonny"]
[Black "Nielsen, Aage Sondergaard"]
[Result "1-0"]
[WhiteElo "2584"]
[BlackElo "1944"]
[PlyCount "53"]
[EventDate "2010.07.31"]
[EventType "swiss"]
[EventRounds "10"]
[EventCountry "DEN"]
[Source "ChessBase"]
[SourceDate "2010.09.01"]

1. e4 e6 2. d4 d5 3. e5 c5 4. c3 Qb6 5. Nf3 Bd7 6. Bd3 cxd4 7. O-O Bb5 8. Bxb5+
Qxb5 9. Nxd4 Qa6 10. b4 Qc4 11. Be3 Nd7 12. Nd2 Qc7 13. c4 Qxe5 14. N2f3 Qd6
15. Nb5 Qb8 16. cxd5 e5 17. d6 a6 18. Nc7+ Kd8 19. Ng5 Nh6 20. Rc1 Ra7 21. Bxa7
Qxa7 22. Nxf7+ Nxf7 23. Ne6+ Ke8 24. Rc8+ Nd8 25. Rxd8+ Kf7 26. Qb3 b6 27.
Nxf8+ 1-0

[Event "32. Copenhagen Open (Politiken Cup)"]
[Site "Elsinore"]
[Date "2010.07.31"]
[Round "1"]
[White "Heggum, Tore"]
[Black "Jonsson, Lennart"]
[Result "0-1"]
[WhiteElo "1689"]
[BlackElo "2105"]
[PlyCount "66"]
[EventDate "2010.07.31"]
[EventType "swiss"]
[EventRounds "10"]
[EventCountry "DEN"]
[Source "ChessBase"]
[SourceDate "2010.09.01"]

1. e4 e5 2. Nf3 f5 3. Nxe5 Qf6 4. d4 d6 5. Nc4 fxe4 6. d5 Be7 7. Nc3 Qg6 8. f3
Nf6 9. Ne3 O-O 10. Be2 Nbd7 11. O-O Ne5 12. fxe4 Bh3 13. Kh1 Bd7 14. Nf5 Rae8
15. Be3 Neg4 16. Bxg4 Nxg4 17. Nxe7+ Rxe7 18. Rxf8+ Kxf8 19. Bg1 Rf7 20. Qe2
Qf6 21. Nb5 Qxb2 22. Rf1 Qxb5 23. Rxf7+ Kxf7 24. Qf3+ Nf6 25. h3 Qc4 26. Bxa7
Qxe4 27. Qxe4 Nxe4 28. Bb8 Bb5 29. Bxc7 Bc4 30. a4 Bxd5 31. Kg1 Ke7 32. Bb6 Nc5
33. a5 Kd7 0-1

[Event "32. Copenhagen Open (Politiken Cup)"]
[Site "Elsinore"]
[Date "2010.07.31"]
[Round "1"]
[White "Holst, Conny"]
[Black "Rydstrom, Tom"]
[Result "1-0"]
[WhiteElo "2185"]
[BlackElo "1803"]
[PlyCount "111"]
[EventDate "2010.07.31"]
[EventType "swiss"]
[EventRounds "10"]
[EventCountry "DEN"]
[Source "ChessBase"]
[SourceDate "2010.09.01"]

1. d4 d5 2. c4 e6 3. Nc3 Nf6 4. Nf3 Nbd7 5. Bg5 Be7 6. e3 O-O 7. Qc2 h6 8. Bh4
c6 9. Rd1 Re8 10. Bd3 dxc4 11. Bxc4 b5 12. Bd3 Bb7 13. O-O a6 14. e4 Rc8 15. e5
Nh5 16. Bxe7 Qxe7 17. Qd2 f5 18. exf6 Nhxf6 19. Rfe1 c5 20. d5 e5 21. Bf5 b4
22. Be6+ Kh8 23. Ne4 Nxe4 24. Rxe4 Rcd8 25. Rxe5 Nxe5 26. Nxe5 Qxe6 27. dxe6
Rxd2 28. Rxd2 Rxe6 29. f4 Bc6 30. Rc2 Bd5 31. b3 Be4 32. Rxc5 Bb1 33. f5 Re8
34. Ra5 Kg8 35. g4 Bxa2 36. Rxa2 Rxe5 37. Rxa6 Re3 38. Rb6 Rxb3 39. Kg2 Kf7 40.
h4 Rb2+ 41. Kf3 b3 42. g5 Rb1 43. Rb7+ Kf8 44. gxh6 gxh6 45. Kg4 b2 46. Kh5 Ke8
47. Kxh6 Kf8 48. Kh7 Rf1 49. Rxb2 Rxf5 50. Kg6 Rc5 51. Rb8+ Ke7 52. h5 Rc1 53.
h6 Rg1+ 54. Kf5 Rf1+ 55. Ke5 Re1+ 56. Kd4 1-0

[Event "32. Copenhagen Open (Politiken Cup)"]
[Site "Elsinore"]
[Date "2010.07.31"]
[Round "1"]
[White "Jacobsen, Fredrik Beer"]
[Black "Krasenkow, Michal"]
[Result "0-1"]
[WhiteElo "1955"]
[BlackElo "2628"]
[PlyCount "80"]
[EventDate "2010.07.31"]
[EventType "swiss"]
[EventRounds "10"]
[EventCountry "DEN"]
[Source "ChessBase"]
[SourceDate "2010.09.01"]

1. d4 d6 2. c4 e5 3. d5 f5 4. Nc3 Nf6 5. g3 g6 6. Bg2 Bg7 7. Nf3 O-O 8. O-O h6
9. b4 a5 10. bxa5 Rxa5 11. Bd2 Nbd7 12. Nh4 Kh7 13. Qc2 Nb6 14. Qd3 e4 15. Nxe4
fxe4 16. Bxe4 Nxe4 17. Bxa5 Bxa1 18. Qxe4 Bf5 19. Nxf5 gxf5 20. Qd3 Qf6 21. e3
Ra8 22. Bxb6 cxb6 23. Qb3 Ra6 24. Rb1 Bc3 25. Rc1 Bb2 26. Rb1 Ba3 27. Qb5 Qe7
28. Re1 Bc5 29. Qb1 Qe4 30. Qxe4 fxe4 31. Re2 Kg6 32. Kg2 Ra3 33. Rc2 Kg5 34.
h3 h5 35. Kf1 Kf5 36. Ke2 Ke5 37. Kd1 Ra4 38. Kd2 Rb4 39. Ke2 Rb1 40. f4+ Kf5
0-1

[Event "32. Copenhagen Open (Politiken Cup)"]
[Site "Elsinore"]
[Date "2010.07.31"]
[Round "1"]
[White "Jacobsen, Heidrikur Tindskar"]
[Black "Christensen, Bo Garner"]
[Result "0-1"]
[WhiteElo "1993"]
[BlackElo "2288"]
[PlyCount "38"]
[EventDate "2010.07.31"]
[EventType "swiss"]
[EventRounds "10"]
[EventCountry "DEN"]
[Source "ChessBase"]
[SourceDate "2010.09.01"]

1. d4 Nf6 2. Nf3 c5 3. g3 cxd4 4. Nxd4 e5 5. Nb3 d5 6. Bg2 h6 7. O-O Nc6 8. c4
Be6 9. cxd5 Nxd5 10. e4 Ndb4 11. N1d2 a5 12. a4 Qd3 13. f4 Rd8 14. f5 Bxb3 15.
Qxb3 Bc5+ 16. Kh1 Nd4 17. Qxd3 Nxd3 18. h3 Nc2 19. Rb1 Nxc1 0-1

[Event "32. Copenhagen Open (Politiken Cup)"]
[Site "Elsinore"]
[Date "2010.07.31"]
[Round "1"]
[White "Jensen, Leif Norholm"]
[Black "Schultz Pedersen, Jesper"]
[Result "0-1"]
[WhiteElo "1810"]
[BlackElo "2206"]
[PlyCount "62"]
[EventDate "2010.07.31"]
[EventType "swiss"]
[EventRounds "10"]
[EventCountry "DEN"]
[Source "ChessBase"]
[SourceDate "2010.09.01"]

1. f4 c5 2. Nf3 g6 3. Nc3 Bg7 4. e4 Nc6 5. d3 e6 6. Be2 Nge7 7. Be3 Nd4 8. O-O
d5 9. Rb1 Nxf3+ 10. Bxf3 d4 11. Bf2 dxc3 12. e5 Qc7 13. bxc3 Rb8 14. Rb5 b6 15.
Qb1 a6 16. Rb2 O-O 17. d4 c4 18. a4 Bb7 19. d5 Nxd5 20. Bxd5 Bxd5 21. Bxb6 Qc6
22. Rf2 Qxa4 23. Bc5 Rxb2 24. Qxb2 Rc8 25. Bd6 Qc6 26. g4 Bf8 27. Bxf8 Rxf8 28.
f5 exf5 29. gxf5 Qc7 30. Qc1 Qxe5 31. Qh6 Rb8 0-1

[Event "32. Copenhagen Open (Politiken Cup)"]
[Site "Elsinore"]
[Date "2010.07.31"]
[Round "1"]
[White "Jorgensen, Dennis"]
[Black "Gupta, Sudhir Kumar"]
[Result "1-0"]
[WhiteElo "2216"]
[BlackElo "1835"]
[PlyCount "35"]
[EventDate "2010.07.31"]
[EventType "swiss"]
[EventRounds "10"]
[EventCountry "DEN"]
[Source "ChessBase"]
[SourceDate "2010.09.01"]

1. d4 Nf6 2. Nf3 d5 3. c4 e6 4. g3 Bb4+ 5. Bd2 Bxd2+ 6. Qxd2 O-O 7. Bg2 b6 8.
Nc3 Bb7 9. cxd5 exd5 10. O-O Nbd7 11. Rac1 Ne4 12. Qf4 c5 13. Nxe4 dxe4 14. Ng5
cxd4 15. Nxe4 Nc5 16. Nxc5 Bxg2 17. Kxg2 Qd5+ 18. Qe4 1-0

[Event "32. Copenhagen Open (Politiken Cup)"]
[Site "Elsinore"]
[Date "2010.07.31"]
[Round "1"]
[White "Jorgensen, Michael"]
[Black "Eisele, Per"]
[Result "1-0"]
[WhiteElo "2230"]
[BlackElo "1804"]
[PlyCount "67"]
[EventDate "2010.07.31"]
[EventType "swiss"]
[EventRounds "10"]
[EventCountry "DEN"]
[Source "ChessBase"]
[SourceDate "2010.09.01"]

1. d4 Nc6 2. Nf3 d5 3. Bf4 Bg4 4. e3 f6 5. Bb5 Qd7 6. c4 e6 7. Nc3 dxc4 8. h3
Bxf3 9. Qxf3 Bd6 10. Bxd6 cxd6 11. d5 exd5 12. Nxd5 Nge7 13. Nxe7 Kxe7 14. Qg3
g6 15. Bxc4 Ne5 16. Be2 Rac8 17. O-O Rc2 18. Bd1 Rxb2 19. Bb3 a5 20. f4 a4 21.
fxe5 axb3 22. exf6+ Kf7 23. axb3 Rxb3 24. Rac1 Rb5 25. e4 Re8 26. Qe3 Ke6 27.
Qd2 Rf8 28. Qa2+ Ke5 29. Qd2 Ke6 30. Qc2 h5 31. Qc4+ Ke5 32. f7 Rc5 33. Qb3
Rxc1 34. Qd5# 1-0

[Event "32. Copenhagen Open (Politiken Cup)"]
[Site "Elsinore"]
[Date "2010.07.31"]
[Round "1"]
[White "Jorgensen, Rasmus"]
[Black "Dam, Vagnur"]
[Result "1-0"]
[WhiteElo "2098"]
[BlackElo "1673"]
[PlyCount "77"]
[EventDate "2010.07.31"]
[EventType "swiss"]
[EventRounds "10"]
[EventCountry "DEN"]
[Source "ChessBase"]
[SourceDate "2010.09.01"]

1. e4 e6 2. d4 d5 3. Nc3 dxe4 4. Nxe4 Nd7 5. Nf3 Ngf6 6. Bg5 Be7 7. Nxf6+ Nxf6
8. Bd3 O-O 9. O-O Bd7 10. Ne5 h6 11. Bxf6 Bxf6 12. Nxd7 Qxd7 13. c3 Rfd8 14.
Bc2 c5 15. dxc5 Rac8 16. Qf3 Rxc5 17. Rad1 Qc7 18. Rxd8+ Bxd8 19. Rd1 Bf6 20.
g3 b5 21. Qa8+ Qc8 22. Qxa7 b4 23. Rd7 bxc3 24. bxc3 Rxc3 25. Be4 Ra3 26. Rc7
Qf8 27. Qxa3 Qxa3 28. Rc8+ Qf8 29. Bh7+ Kxh7 30. Rxf8 Kg6 31. Kg2 Bd4 32. a4 f5
33. f4 Bc5 34. Rb8 Kf6 35. a5 g5 36. a6 gxf4 37. gxf4 e5 38. Rb7 e4 39. a7 1-0

[Event "32. Copenhagen Open (Politiken Cup)"]
[Site "Elsinore"]
[Date "2010.07.31"]
[Round "1"]
[White "Justinussen, Sigurd B"]
[Black "Postny, Evgeny"]
[Result "0-1"]
[WhiteElo "1941"]
[BlackElo "2577"]
[PlyCount "128"]
[EventDate "2010.07.31"]
[EventType "swiss"]
[EventRounds "10"]
[EventCountry "DEN"]
[Source "ChessBase"]
[SourceDate "2010.09.01"]

1. e4 d6 2. d4 Nf6 3. Nc3 g6 4. Nf3 Bg7 5. Be2 c6 6. O-O O-O 7. Be3 b5 8. a3
Nbd7 9. Qd2 Re8 10. Rad1 Nb6 11. Bh6 Bh8 12. Rfe1 a5 13. e5 b4 14. axb4 axb4
15. exf6 bxc3 16. Qxc3 Bxf6 17. Qxc6 Bd7 18. Qc3 Na4 19. Qd2 Nxb2 20. Rb1 Na4
21. Bg5 Bg7 22. Bc4 Qc7 23. Bd5 Ra7 24. Ra1 e6 25. Bb3 Rea8 26. Bf4 Ra6 27. Qb4
Bf8 28. Qd2 Nc3 29. Rxa6 Rxa6 30. Bh6 Bg7 31. Bxg7 Kxg7 32. h4 Ra5 33. Re3 Nd5
34. Re1 Nf6 35. Ng5 d5 36. Qb4 Bc8 37. Nf3 Ne4 38. Ne5 Ra8 39. f3 Rb8 40. Qa3
Qc3 41. Qa1 Ra8 42. Qxc3 Nxc3 43. Kf2 h5 44. Ke3 Nb5 45. Nd3 Nd6 46. g4 Bd7 47.
Ne5 Bb5 48. Kf4 Rh8 49. Rh1 f6 50. Nd3 hxg4 51. Nc5 g5+ 52. Kxg4 Kf7 53. h5 Nf5
54. c3 Ra8 55. Re1 Ra3 56. f4 Nh6+ 57. Kg3 g4 58. Kh4 Bd7 59. Bd1 Nf5+ 60. Kxg4
Rxc3 61. Rg1 Bc8 62. Nb3 Ne3+ 63. Kh4 e5 64. h6 Ng2+ 0-1

[Event "32. Copenhagen Open (Politiken Cup)"]
[Site "Elsinore"]
[Date "2010.07.31"]
[Round "1"]
[White "Knudsen, Joachim Holm"]
[Black "Hansen, Morten Moller"]
[Result "0-1"]
[WhiteElo "1756"]
[BlackElo "2154"]
[PlyCount "94"]
[EventDate "2010.07.31"]
[EventType "swiss"]
[EventRounds "10"]
[EventCountry "DEN"]
[Source "ChessBase"]
[SourceDate "2010.09.01"]

1. d4 d5 2. c4 e6 3. Nf3 c6 4. Nc3 f5 5. Bf4 Nf6 6. e3 Be7 7. Be2 O-O 8. O-O
Ne4 9. Nxe4 dxe4 10. Nd2 g5 11. Bxb8 Rxb8 12. c5 Qc7 13. Bc4 Rf6 14. f3 Rh6 15.
g3 exf3 16. Nxf3 Kg7 17. Qd2 b6 18. b4 Bd7 19. Rae1 Rf8 20. Kg2 g4 21. Ne5 Bg5
22. Qe2 Rhf6 23. e4 bxc5 24. bxc5 h5 25. exf5 exf5 26. Nxd7 Qxd7 27. Qe7+ Qxe7
28. Rxe7+ Kh6 29. Rxa7 Rd8 30. Re1 Rxd4 31. Ree7 Rf8 32. Rh7+ Kg6 33. Bb3 Rd2+
34. Kf1 f4 35. Rhg7+ Kh6 36. Rh7+ Kg6 37. Rhg7+ Kf5 38. Rgf7+ Rxf7 39. Rxf7+
Ke4 40. Kg1 f3 41. Rf8 Be3+ 42. Kf1 Rxh2 43. Re8+ Kd4 44. Rxe3 Kxe3 45. Kg1 f2+
46. Kxh2 f1=Q 47. a4 Kf2 0-1

[Event "32. Copenhagen Open (Politiken Cup)"]
[Site "Elsinore"]
[Date "2010.07.31"]
[Round "1"]
[White "Kovchan, Alexander"]
[Black "Meier, Lars"]
[Result "0-1"]
[WhiteElo "2571"]
[BlackElo "1934"]
[PlyCount "62"]
[EventDate "2010.07.31"]
[EventType "swiss"]
[EventRounds "10"]
[EventCountry "DEN"]
[Source "ChessBase"]
[SourceDate "2010.09.01"]

1. e4 e5 2. Nf3 Nc6 3. d4 exd4 4. Nxd4 Bc5 5. Nxc6 Qf6 6. Qd2 dxc6 7. Nc3 Be6
8. Na4 Rd8 9. Bd3 Bd4 10. O-O Ne7 11. Kh1 c5 12. Qe2 a6 13. c3 c4 14. Bxc4 Bxc4
15. Qxc4 b5 16. Qxc7 Be5 17. Qa5 bxa4 18. Be3 O-O 19. Rad1 Ng6 20. f3 Rd6 21.
Qxa4 Rfd8 22. Qc2 h6 23. Bg1 Qe6 24. g3 Rxd1 25. Rxd1 Rxd1 26. Qxd1 Qxa2 27.
Qd8+ Kh7 28. f4 Qc4 29. Qd5 Qe2 30. h3 Qf3+ 31. Kh2 Nxf4 0-1

[Event "32. Copenhagen Open (Politiken Cup)"]
[Site "Elsinore"]
[Date "2010.07.31"]
[Round "1"]
[White "Krasenkova, Ilena"]
[Black "Fyhn, Thomas Rossander"]
[Result "1-0"]
[WhiteElo "2128"]
[BlackElo "1715"]
[PlyCount "57"]
[EventDate "2010.07.31"]
[EventType "swiss"]
[EventRounds "10"]
[EventCountry "DEN"]
[Source "ChessBase"]
[SourceDate "2010.09.01"]

1. d4 d6 2. c4 g6 3. e4 Bg7 4. Nc3 Nd7 5. Nf3 c5 6. Be3 Qc7 7. Be2 Ngf6 8. h3
a6 9. Rc1 O-O 10. O-O Nb6 11. e5 Nfd7 12. Nd5 Nxd5 13. cxd5 dxe5 14. dxc5 e4
15. Nd4 Nf6 16. Qb3 Rd8 17. Bc4 Qe5 18. d6 e6 19. f4 exf3 20. Nxf3 Qe4 21. Rce1
Qc6 22. Ne5 Qe8 23. Bg5 Nd7 24. Nxf7 Nxc5 25. Qe3 Rd7 26. Nh6+ Bxh6 27. Bxh6 b6
28. Bxe6+ Nxe6 29. Qxe6+ 1-0

[Event "32. Copenhagen Open (Politiken Cup)"]
[Site "Elsinore"]
[Date "2010.07.31"]
[Round "1"]
[White "Kristinsson, Bjarni Jens"]
[Black "Wadtland, Flemming"]
[Result "1-0"]
[WhiteElo "2044"]
[BlackElo "1567"]
[PlyCount "81"]
[EventDate "2010.07.31"]
[EventType "swiss"]
[EventRounds "10"]
[EventCountry "DEN"]
[Source "ChessBase"]
[SourceDate "2010.09.01"]

1. d4 Nf6 2. Nf3 e6 3. g3 Be7 4. Bg2 d5 5. O-O O-O 6. b3 b6 7. c4 c6 8. Ba3 a5
9. Bxe7 Qxe7 10. Nc3 Ra7 11. Rc1 Ba6 12. Na4 Qd8 13. Ne5 Nfd7 14. Nd3 Qc7 15.
cxd5 exd5 16. Bxd5 Qd6 17. Bf3 Rc7 18. Nf4 Re8 19. Re1 b5 20. Nc3 Nf6 21. e4
Rce7 22. e5 Qd8 23. Re3 b4 24. Na4 Nd5 25. Nxd5 cxd5 26. Rc5 Nd7 27. Rxd5 Bb7
28. Rd6 Bxf3 29. Qxf3 Qa8 30. Qxa8 Rxa8 31. Rxd7 Rxd7 32. Nb6 Raa7 33. Nxd7
Rxd7 34. Rd3 Rc7 35. Rd2 Rd7 36. f4 Rd5 37. Kf2 Kf8 38. Ke3 Ke7 39. Ke4 Rd8 40.
Rc2 g6 41. Rc7+ 1-0

[Event "32. Copenhagen Open (Politiken Cup)"]
[Site "Elsinore"]
[Date "2010.07.31"]
[Round "1"]
[White "Landa, Konstantin"]
[Black "Olofsson Dolk, Mattis"]
[Result "1-0"]
[WhiteElo "2598"]
[BlackElo "1949"]
[PlyCount "69"]
[EventDate "2010.07.31"]
[EventType "swiss"]
[EventRounds "10"]
[EventCountry "DEN"]
[Source "ChessBase"]
[SourceDate "2010.09.01"]

1. Nf3 Nf6 2. c4 g6 3. Nc3 d5 4. d4 Bg7 5. Qb3 dxc4 6. Qxc4 O-O 7. e4 Bg4 8.
Be2 Nfd7 9. Be3 Nb6 10. Qc5 e6 11. Rd1 Nc6 12. O-O Qe7 13. d5 exd5 14. exd5 Nd7
15. Qb5 Bxf3 16. Bxf3 Nce5 17. Be2 f5 18. d6 cxd6 19. Qxb7 Rab8 20. Qd5+ Nf7
21. Qd2 Rfe8 22. Bc4 Nde5 23. Bb3 Rec8 24. Bd4 Bh6 25. f4 Nc4 26. Nd5 Nxd2 27.
Nxe7+ Kf8 28. Nxc8 Nxf1 29. Nxa7 Nxh2 30. Kxh2 Bxf4+ 31. g3 Be5 32. Nc6 Rc8 33.
Nxe5 dxe5 34. Bc3 Re8 35. Rd7 1-0

[Event "32. Copenhagen Open (Politiken Cup)"]
[Site "Elsinore"]
[Date "2010.07.31"]
[Round "1"]
[White "Larsen, Arne Walther"]
[Black "Roelvaag, Mikael"]
[Result "0-1"]
[WhiteElo "1804"]
[BlackElo "2187"]
[PlyCount "70"]
[EventDate "2010.07.31"]
[EventType "swiss"]
[EventRounds "10"]
[EventCountry "DEN"]
[Source "ChessBase"]
[SourceDate "2010.09.01"]

1. d4 Nf6 2. c4 g6 3. g3 Bg7 4. Bg2 d6 5. Nc3 O-O 6. e4 Nbd7 7. Nge2 e5 8. d5
a5 9. O-O Nc5 10. b3 c6 11. Rb1 cxd5 12. cxd5 Bd7 13. a3 Qc7 14. Be3 Ng4 15.
Bxc5 Qxc5 16. b4 axb4 17. axb4 Qb6 18. h3 Nh6 19. b5 f5 20. Na4 Qa7 21. Nac3 f4
22. b6 Qa5 23. f3 fxg3 24. Qb3 Nf7 25. Nxg3 Bh6 26. Nge2 Qc5+ 27. Kh1 Qe3 28.
f4 exf4 29. Rf3 Qc5 30. Nb5 Qxb5 31. Qxb5 Bxb5 32. Rxb5 Ne5 33. Nd4 Nxf3 34.
Bxf3 Ra3 35. Rb1 Bg7 0-1

[Event "32. Copenhagen Open (Politiken Cup)"]
[Site "Elsinore"]
[Date "2010.07.31"]
[Round "1"]
[White "Larsen, Bror Johannes"]
[Black "Petersen, Steen"]
[Result "0-1"]
[WhiteElo "1750"]
[BlackElo "2152"]
[PlyCount "66"]
[EventDate "2010.07.31"]
[EventType "swiss"]
[EventRounds "10"]
[EventCountry "DEN"]
[Source "ChessBase"]
[SourceDate "2010.09.01"]

1. e4 c5 2. Nc3 Nc6 3. f4 g6 4. Nf3 Bg7 5. Bb5 Nd4 6. O-O Nxb5 7. Nxb5 d6 8.
Qe1 a6 9. Nc3 b5 10. d3 Bb7 11. Rb1 b4 12. Nd5 Bxd5 13. exd5 Nf6 14. c4 bxc3
15. Qxc3 O-O 16. Qc4 Qd7 17. Bd2 Qf5 18. Rbe1 Nxd5 19. b3 e6 20. Ng5 Nf6 21.
Ne4 d5 22. Nxf6+ Bxf6 23. Qxc5 Qxd3 24. Be3 Rfc8 25. Qb6 Rc2 26. Rf2 Rxf2 27.
Bxf2 Rc8 28. g4 Rc2 29. g5 Bc3 30. Bc5 h5 31. Qd8+ Kh7 32. Qf8 Bg7 33. Qxf7
Rxc5 0-1

[Event "32. Copenhagen Open (Politiken Cup)"]
[Site "Elsinore"]
[Date "2010.07.31"]
[Round "1"]
[White "Larsen, Karsten"]
[Black "Rasmussen, Henning Lau"]
[Result "1-0"]
[WhiteElo "2293"]
[BlackElo "1867"]
[PlyCount "143"]
[EventDate "2010.07.31"]
[EventType "swiss"]
[EventRounds "10"]
[EventCountry "DEN"]
[Source "ChessBase"]
[SourceDate "2010.09.01"]

1. g3 g6 2. Bg2 Bg7 3. e4 c5 4. f4 d6 5. Nf3 Nc6 6. O-O Bg4 7. h3 Bxf3 8. Bxf3
Nf6 9. d3 O-O 10. a4 e6 11. c3 d5 12. e5 Nd7 13. Qe2 a6 14. Be3 Rb8 15. Qf2 Qe7
16. Nd2 Rfc8 17. Nb3 Bf8 18. d4 cxd4 19. Nxd4 Nxd4 20. Bxd4 Nc5 21. Bxc5 Qxc5
22. Rfd1 Qxf2+ 23. Kxf2 a5 24. Be2 Be7 25. Bb5 Kf8 26. Kf3 h6 27. Rd2 Rd8 28.
Rad1 Rbc8 29. Rd3 Rb8 30. R1d2 Rbc8 31. Rg2 Bc5 32. Rd1 h5 33. Rgd2 Be7 34. Rh1
Kg7 35. Rhd1 Kf8 36. Be2 Kg7 37. Bb5 Kf8 38. Re2 Kg7 39. Rh2 Rb8 40. Re2 Rbc8
41. Rh2 Rb8 42. Rdd2 Rbc8 43. Rhg2 Bc5 44. Bd3 Kf8 45. g4 hxg4+ 46. hxg4 Ke7
47. f5 gxf5 48. gxf5 exf5 49. Bxf5 Rb8 50. Rg7 Rg8 51. Rxg8 Rxg8 52. Rxd5 b6
53. Rd7+ Kf8 54. Bd3 Rg5 55. Ke4 Rg2 56. b3 Rd2 57. Rb7 Rf2 58. Bc4 Kg8 59. Rc7
Kf8 60. Rb7 Kg8 61. Kd5 Rf5 62. Ke4 Rf2 63. Rc7 Kf8 64. Ra7 Ke8 65. Bb5+ Kf8
66. Rb7 Kg8 67. Rb8+ Kg7 68. Rb7 Kg6 69. Be8 Re2+ 70. Kd5 Rd2+ 71. Ke4 Re2+ 72.
Kf4 1-0

[Event "32. Copenhagen Open (Politiken Cup)"]
[Site "Elsinore"]
[Date "2010.07.31"]
[Round "1"]
[White "Laursen, Niels Norskov"]
[Black "Hoel, Jorgen"]
[Result "1-0"]
[WhiteElo "2215"]
[BlackElo "1824"]
[PlyCount "96"]
[EventDate "2010.07.31"]
[EventType "swiss"]
[EventRounds "10"]
[EventCountry "DEN"]
[Source "ChessBase"]
[SourceDate "2010.09.01"]

1. e4 c5 2. Nf3 g6 3. d4 cxd4 4. Nxd4 Bg7 5. Nc3 Nc6 6. Be3 Nf6 7. Bc4 O-O 8.
Bb3 Ng4 9. Qxg4 Nxd4 10. Qd1 Nc6 11. Qd2 d6 12. Bh6 Ne5 13. f3 Be6 14. h4 Bxb3
15. Bxg7 Kxg7 16. axb3 h5 17. Qd4 Qb6 18. Qxb6 axb6 19. Kd2 e6 20. Rhd1 Rfd8
21. Rxa8 Rxa8 22. Ke3 Rd8 23. Nb5 d5 24. c4 Nc6 25. cxd5 Nb4 26. d6 e5 27. g4
g5 28. gxh5 gxh4 29. f4 f6 30. Rh1 Kh6 31. Rxh4 Nc2+ 32. Kf2 Nd4 33. Nxd4 exd4
34. e5 fxe5 35. fxe5 Kg5 36. Rxd4 Kf5 37. d7 Kxe5 38. Ke3 Kf6 39. Ke4 Ke6 40.
h6 Kf6 41. Rd6+ Ke7 42. Ke5 Kf7 43. b4 b5 44. Kd5 b6 45. Kc6 Kg8 46. Kc7 Kh8
47. Kxd8 Kg8 48. Ke7 Kh7 1-0